000 03168nam a22003497a 4500
003 OSt
005 20240620134152.0
007 cr ||||||a|c|a
008 240619s2020 mx a|||fom||| 001 0 spa d
040 _erda
100 1 _9189229
_aOrtega Cerón, María Alejandra
245 1 0 _aActividad de ocho especies vegetales sobre sitophilus zeamais motschulsky en grano de maíz almacenado /
_cpor María Alejandra Ortega Cerón y Erick Encarnación Arroyo; director de tesis José Ulises García Romero; secretario Ángel Lagunes Tejeda; vocal Filemón Morales Hernández; suplente Manuel Alejandro Tejeda Reyes; suplente Jaime Alfredo Urzúa Gutiérrez.
264 1 _aChapingo, México :
_bEl autor,
_c2020.
300 _a1 recurso en línea (56 páginas):
_bcuadros, figuras.
336 _2rdacontent
_atexto
_btxt
337 _2rdamedia
_acomputadora
_bc
338 _2rdacarrier
_arecurso en línea
_bcr
502 _bIAEPA
_cParasitología
_d2020.
_gLIC
504 _aIncluye referencias bibliográficas: páginas 39-42.
520 _aEl maíz puede sufrir graves daños durante su almacenamiento. Lo cual es consecuencia por diversos factores, uno de los más importantes, son los insectos de los granos almacenados. Entre los grupos de insectos más relevantes, se encuentran los órdenes Lepidóptera y Coleóptera. Es en este último orden donde se localiza Sitophilus zeamais Motschulsky, comúnmente conocido como gorgojo del maíz. Este insecto tiene la capacidad de generar pérdidas de hasta un 90% de daño directo al grano almacenado, por ello su control es indispensable. En tiempos recientes la huella ecológica causada por el uso excesivo de plaguicidas para el control de este tipo de plagas hace necesaria la búsqueda de opciones menos contaminantes. El siguiente trabajo investigó la actividad insecticida de partes vegetales de diferentes especies para proteger el grano almacenado del daño producido por Sitophilus zeamais. Con este objetivo se evaluó la toxicidad del polvo de ocho especies vegetales. Las plantas utilizadas fueron: Acalypha arvensis Poepp, Brickella cavallinessii (Cass), Chenopodium ambrosioides L., Gnaphalium inornatum DC, Ligustrum lucidum W.T. Aiton, Schinus molle L., Tagetes erecta L. y Tithonia tubaeformis (Jacq.) Cass. Los resultados indican que los polvos de Brickella cavallinessii (Cass), Chenopodium ambrosoides L. y Gnaphalium inornatum DC mostraron resultados prometedores.
650 1 _9133644
_aExtractos vegetales como insecticida
650 1 _9133653
_aSitophilus zeamais
_xControl
650 1 _9187342
_aMaíz
_xAlmacenamiento
_xEnfermedades
700 1 _9189230
_aEncarnación Arroyo, Erick
700 1 _946550
_aGarcía Romero, José Ulises
_eDirector de tesis.
700 1 _964465
_aLagunes Tejeda, Angel
_eSecretario.
700 1 _9189233
_aMorales Hernández, Filemón
_eVocal.
700 1 _9112025
_aTejeda Reyes, Manuel Alejandro
_eSuplente.
700 1 _9117018
_aUrzúa Gutiérrez, Jaime Alfredo
_eSuplente.
856 _uhttp://10.13.5.2/tesis/tl/2020_PA_Ortega_Ceron_MariaAlejandra-Encarnacion_Arroyo_Erick.pdf
_zDESCARGAR PDF
942 _2Clasificación Universidad Autónoma Chapingo
_cTD
999 _c220003
_d220003